000 00833nam a2200229Ia 4500
999 _c38533
_d38533
001 4634
003 GE_BSU
005 20190508204048.0
008 181216s2004||||ge |||||||||||||| ||geo||
020 _a9992832924
040 _cGE_BSU
041 _ageo
080 _a340.1(075.8) ხ–89
100 _aხუბუა, გიორგი.
_9927
245 _aსამართლის თეორია /
_cგიორგი ხუბუა ; რედ : მ.ჩიკვილაძე.
264 _aთბილისი .:
_bმერიდიანი,
_c2004.
300 _a220 გვ ;
_c24სმ.
653 _aსამართლის თეორა
653 _aსამართალი
700 _aჩიკვილაძე, მიხეილ
_eრედაქტორი
_9928
942 _cBK
_2udc